|
|
|
|
| LEADER |
00000ny a22000003n 4500 |
| 005 |
20110511110831.0 |
| 008 |
091202s us 000 eng d |
| 022 |
0 |
|
|a 0009-7004
|
| 035 |
|
|
|a 2882
|
| 040 |
|
|
|a MnMULS
|c MnMULS
|d vLex
|
| 090 |
|
|
|c 1626
|d 1626
|
| 245 |
0 |
0 |
|a Cineaste
|h [Recurso electrn̤ico]
|
| 256 |
|
|
|a Servicio en ln̕ea
|
| 260 |
|
|
|a New York :
|b Cineaste Publishers
|
| 310 |
|
|
|a Trimestral
|
| 506 |
1 |
|
|a Contenido solo disponible en los productos indicados
|d vLex Global
|d vLex Global (Academic Edition, excluding Law Schools)
|d vLex Global (Academic Edition, Law Schools)
|
| 650 |
0 |
4 |
|a Cine
|x Publicaciones perid̤icas
|
| 740 |
0 |
|
|a vLex Revista (Servicios en ln̕ea)
|
| 843 |
|
|
|a Electrn̤ica. Abierta
|
| 853 |
|
|
|8 1
|i (year)
|j (month)
|k (day)
|
| 856 |
4 |
0 |
|z Acceso restringido
|u http://vlex.com/account/login_ip?fuente_id=2882
|
| 942 |
|
|
|c REV
|
| 999 |
|
0 |
|a Motion pictures
|v Periodicals.
|